Pays mystère #2 - Statistiques

Statistiques générales
  • Ce quiz a été pris 384 fois
    170 depuis la dernière actualisation
  • Le résultat moyen est 5 sur 5
Statistiques - réponses
Indice Pays % Correct
Qui contient du bleu et du rouge. Afghanistan | Afrique du Sud | Andorre | Antigua-et-Barbuda | Arménie | Australie | Azerbaïdjan | Bahamas | Barbade | Belize | Bhoutan | Birmanie | Bosnie-Herzégovine | Cap-Vert | Cambodge | République centrafricaine | Chili | Colombie | Comores | République Démocratique du Congo| Corée du Nord | Corée du Sud | Costa Rica | Croatie | Cuba | Djibouti | République dominicaine | Équateur | Érythrée | Espagne | Estonie | Eswatini | États-Unis | Éthiopie | Fidji | France | Gambie | Géorgie | Grenade | Guatemala | Guinée équatoriale | Haïti | Honduras | Islande | Kiribati | Laos | Lesotho | Liberia | Liechtenstein | Luxembourg | Malaisie | Malawi | Maurice | Moldavie | Mongolie | Namibie | Népal | Nicaragua | Norvège | Nouvelle-Zélande | Ouganda | Ouzbékistan | Panama | Papouasie-Nouvelle-Guinée | Paraguay | Pays-Bas | Philippines | Royaume-Uni | Russie | Saint-Christophe-et-Niévès | Sainte-Lucie | Samoa | Serbie | Seychelles | Slovaquie | Slovénie | Soudan du Sud | Taïwan | Tanzanie | Tchad | Tchéquie | Thaïlande | Timor oriental | Tuvalu | Uruguay | Vanuatu | Venezuela
100%
... fait parti de l'Union Européene Croatie | Espagne | Estonie | France | Luxembourg | Pays-Bas | République tchèque | Roumanie | Slovaquie | Slovénie
99%
... a été occupé par l'Allemagne Nazi. Croatie | Estonie | France | Luxembourg | Pays-Bas | République tchèque | Slovaquie | Slovénie
99%
... Il est plus petit que le Maroc. Croatie | Estonie | Luxembourg | Pays-Bas | République tchèque | Slovaquie | Slovénie
97%
... commence par la lettre "P" Pays-Bas
94%
Aucun quiz correspondant
Distribution des résultats
% des personnes avec chaque résultat
Percentile par nombre de réponses
Votre historique - résultats
Vous n’avez pas pris ce quiz depuis la dernière actualisation